00618nam a2200205 i 450000100060000000300090000600500170001500700030003200800410003502000180007608000190009410000330011324500780014626000340022430000220025849000330028070000330031383000330034685200330037914916ES-MaACL20250802101657.0t|991118s1998 sp ||||1| spa d a84-264-1258-0 a821.111-31"19"1 aWoolf, Virginia, d1882-194113aLa señora Dalloway / cVirginia Woolf ; traducción de Andrés Bosch. aBarcelona : bLumen, c[1998] a250 p. ; c23 cm.1 aPalabra en el tiempo ; v2581 aBosch, Andrés, d1926-19840 aPalabra en el tiempo ; v258 aES-MaACLjL-22172 bR.127565